=LDR 00000nam 2200000 4500 =001 INLIS000000000004376 =005 20250710101003 =035 ##$$a 0010-0725000187 =007 ta =008 250710################g##########0#eng## =020 ##$$a 0126- 2882 =082 ##$$a 304.66 =084 ##$$a 304.66 TIT i =100 #$$a Titi Sumbung =245 1#$$a Intergration Of Women In Development In Indonesia and Bangladesh : $b A Comparative Polity Analysis /$c Titi Sumbung =260 ##$$a Jakarta :$b BKKBN,$c 1984 =300 ##$$a i, 23 hlm : $b ilus ; $c 29 cm =651 #4$$a Indonesia dan Bangladesh-pemberdayaan perempuan